| 000 | 01084nam a22002777a 4500 | ||
|---|---|---|---|
| 001 | BD-DhSAU 9542 | ||
| 003 | BD-DhSAU | ||
| 005 | 20190225182602.0 | ||
| 008 | 150620b2005 bg a||||r|||| 000 0 eng d | ||
| 040 | _aBD-DhSAU | ||
| 082 |
_222 _a631.4 _bP2812 |
||
| 100 | _aPaul, Alok Kumar | ||
| 245 |
_aInfluence of integrated nutrient-tillage-water management on organic C. N and P status in typic haplustept under rice-wheat and maize-wheat cropping systems / _bPh.D. Thesis _cby Alok Kumar Paul. |
||
| 260 |
_aIndian Agricultural Research Institute : _bDivision of Soil Science and Agricultural Chemistry, _c2003. |
||
| 300 |
_axx, 80 p. : _bill. ; _c30 cm. |
||
| 500 | _aPh.D thesis of Division of Soil Science and Agricultural Chemistry, Indian Agricultural Research Institute, New Delhi, India. | ||
| 590 | _ajoy | ||
| 650 | _aChemistry | ||
| 650 | _aSoil science | ||
| 650 | _aIntegrated nutrient-tillage-water management | ||
| 650 | _aRice-wheat | ||
| 650 | _aMaize-wheat | ||
| 700 |
_aRattan, R. K. _eChairman |
||
| 700 |
_aNad, B. K. _eCo-chairman |
||
| 942 |
_2ddc _cPHD |
||
| 999 |
_c9542 _d9542 |
||